| 000 | 00000nam##2200000za#4500 |
| 001 | 9.536863 |
| 003 | CaOODSP |
| 005 | 20210615084508 |
| 007 | ta |
| 008 | 150406|2002||||xxc||||| f|0| 0 fre|d |
| 020 | |a0-660-62128-2 |
| 040 | |aCaOODSP|bfre |
| 041 | |aeng |
| 041 | |afre |
| 043 | |an-cn--- |
| 086 | 1 |aBT31-4/8-2002 |
| 110 | 1 |aCanada. |bConseil du trésor. |
| 245 | 10|aCommission nationale des libérations conditionnelles |
| 260 | |aOttawa - Ontario : |bSecrétariat du Conseil du Trésor du Canada |c2002. |
| 300 | |a34p. : |bgraphiques, tableaux ; |c28 cm. |
| 490 | 1 |aRapport sur le rendement pour la période se terminant le 31 mars 2002 |
| 500 | |aLe numéro de catalogue (BT31-4/34-2002) et le numéro ISBN (0-660-62104-5) imprimés dans cette publication sont incorrect. |
| 563 | |aCouverture souple |
| 590 | |a02-46|b2002-11-15 |
| 691 | 07|aInstitution fédérale|2gcpds |
| 691 | 07|aLibération conditionnelle|2gcpds |
| 691 | 07|aPrévisions budgétaires|2gcpds |
| 776 | 0#|tNational Parole Board, performance report for the period ending March 31, 2002 |w(CaOODSP)9.572923 |
| 776 | 0#|tCommission nationale des libérations conditionnelles, rapport sur le rendement pour la période se terminant le 31 mars 2002 |w(CaOODSP)9.603168 |
| 791 | |tNational Parole Board |eeng|w(CaOODSP)9.536862 |
| 830 | #0|aRapport sur le rendement pour la période se terminant le 31 mars 2002.|w(CaOODSP)9.510739 |